Score 0/7 Timer 03:00
1 Play Today
Question Answer Wrong Answers
Dr. Luther Terry, Surgeon General of the United States, publishes his landmark report which states that ______ may be hazardous to health.
1964
Smoking
93.5%
Alcohol
2%
Cocaine
1.2%
Pesticides
1.6%
This is used to treat diabetes in a human patient for the first time.
1922
Insulin
92.7%
Penicillin
5.3%
Atorvastatin
0.5%
Esomeprazole
0.5%
War between the British Empire and this monarchy in Southern Africa begins.
1879
Zulu Kingdom
88.8%
Ghana Empire
7.4%
Mossi Kingdoms
1.9%
Jolof Empire
2%
Major League Baseball owners vote in approval of the American League adopting a ______.
1973
Designated Hitter
72.8%
Higher Pitcher’s Mound
10.4%
5th Umpire
11.3%
Narrower Field
3.2%
East Pakistan renames itself to this.
1972
Bangladesh
69.2%
Bhutan
7.5%
Nepal
5.4%
Afghanistan
15.9%
This American singer-songwriter, regarded as the Queen of Hip Hop Soul and known for songs like ‘Be Without You’, is born.
1971
Mary J. Blige
61.9%
Missy Elliott
16.7%
Faith Evans
3.8%
Mariah Carey
15.7%
Amelia Earhart becomes the first person to fly solo from ______ to California.
1935
Hawaii
36.7%
Washington
3.4%
New York
55.7%
Florida
2.9%
Come Together.
Have Fun.
All Virtual.
We all need to come together. Play Sporcle's virtual live trivia to have fun, connect with people, and get your trivia on. Join a live hosted trivia game for your favorite pub trivia experience done virtually. If a virtual private party is more your thing, go here for details.

You're not logged in!

Compare scores with friends on all Sporcle quizzes.
OR
Log In

Sporcle TV

Today on Sporcle TV


Watch our educational content, quiz creation guides, and fun videos on Sporcle TV.

Show Comments

Extras

Top Quizzes Today


Score Distribution

Paid Content

Your Account Isn't Verified!

In order to create a playlist on Sporcle, you need to verify the email address you used during registration. Go to your Sporcle Settings to finish the process.

Report this User

Report this user for behavior that violates our Community Guidelines.

Details: